Come crescere bambini gentili (Record n. 358630)
[ formato base ]
| 000 -LEADER | |
|---|---|
| campo di controllo lung. fissa | 01798nam a22002177a 4500 |
| 003 - Identificatore del numero di controllo | |
| campo di controllo | IT-MiCISF |
| 005 - Data e orario dell'ultima transazione | |
| campo di controllo | 20200605154323.0 |
| 008 - Elementi di lunghezza fissa--Informazione generale | |
| campo di controllo lung. fissa | 200605b ||||| |||| 00| 0 eng d |
| 040 ## - Fonte della catalogazione | |
| Agenzia che fa la trascrizione | IT-MiCISF |
| 041 ## - Codice di lingua | |
| Codice di lingua del testo/traccia sonora o titolo separato | it |
| 100 ## - Accesso principale -- nome di persona | |
| Nome di persona | Lickona Thomas |
| 9 (RLIN) | 58157 |
| 245 ## - Formulazione del titolo | |
| Titolo | Come crescere bambini gentili |
| Complemento del titolo | Insegnare il rispetto e la gratitudine per creare una famiglia felice |
| 260 ## - Pubblicazione, distribuzione, ecc. (stampa) | |
| Luogo di pubblicazione, distribuzione, ecc. | Milano |
| Nome dell'editore, distributore, ecc. | Mondadori |
| Data di pubblicazione, distribuzione, ecc. | 2019 |
| 300 ## - Descrizione fisica | |
| Estensione | pp. 319 |
| 500 ## - Nota generale | |
| Nota generale | genitorialità, educazione-bambini, valori, progetto |
| 520 ## - Riassunto, ecc. | |
| Nota di riassunto, ecc. | In un mondo come quello di oggi, dominato dalla competizione e così carico di rabbia e ostilità, insegnare la gentilezza a un bambino può sembrare in controtendenza. Eppure secondo l’autore, psicologo dello sviluppo di fama mondiale, è l'unico modo per crescere bimbi davvero felici. «Voi genitori siete “allenatori del carattere”. Come ogni buon allenatore, dovrete far emergere il meglio nei vostri figli e aiutarli a esprimere il loro pieno potenziale. Dovete spiegare come fare la cosa giusta anche quando è difficile, aiutarli a imparare dai loro sbagli e a riconoscere le situazioni in cui probabilmente non hanno resistito alle pressioni esercitate dai coetanei. Bisogna farli diventare consapevoli del fatto che spesso non è facile essere delle brave persone e fare ciò che è giusto, ma che non esiste altro modo per essere davvero felici». Con esempi concreti, il volume intende aiutare i genitori a dare e ricevere rispetto, a organizzare riunioni in famiglia per affrontare i problemi, a fronteggiare rivalità tra fratelli, a impartire la disciplina in un modo che rafforzi il carattere e a migliorare le dinamiche delle relazioni con i figli. |
| 650 ## - Accesso aggiunto di soggetto--termine topico | |
| Termine topico o nome geografico come accesso | genitorialità |
| 9 (RLIN) | 56044 |
| 654 ## - Accesso aggiunto di soggetto--termini topici faccettati | |
| Termine principale | saggio |
| 700 ## - Accesso aggiunto--nome di persona | |
| Nome di persona | pp. 319 |
| 9 (RLIN) | 58158 |
| 942 ## - Dati aggiuntivi (Koha) | |
| Fonte della classificazione o dello schema di collocazione (segnatura) | Dewey Decimal Classification |
| Tipo copia default (Koha) | LIBRO |
| Ritirato (status) | Perso (status) | Fonte della classificazione o dello schema di collocazione (segnatura) | Danneggiato (status) | Non per il presito | Biblioteca proprietaria | Biblioteca in cui si trova | Data d'acquisizione | Totale prestiti | Collocazione | Codice a barre | Data ultima operazione | Prezzo in vigore dal | Tipo copia default (Koha) |
|---|---|---|---|---|---|---|---|---|---|---|---|---|---|
| Dewey Decimal Classification | Buone Condizioni | Not For Loan | CISF - Milano | CISF - Milano | 05/06/2020 | b7584 | 9788804700609 | 05/06/2020 | 05/06/2020 | LIBRO |